[Event "Kiel op 35th"]
[Site "Kiel"]
[Date "2023.08.03"]
[Round "8"]
[White "Topalov, Mihail"]
[Black "Riechenberg, Maximilian"]
[Result "1/2-1/2"]
[WhiteElo "1936"]
[BlackElo "1742"]
[PlyCount "60"]
[EventDate "2023.07.29"]
[EventType "swiss"]
[EventRounds "9"]
[EventCountry "GER"]
[SourceTitle "CBM 215 Extra"]
[Source "ChessBase"]
[SourceDate "2023.09.30"]
[SourceVersion "1"]
[SourceVersionDate "2023.09.30"]
[SourceQuality "1"]

1. e4 e5 2. Nf3 Nc6 3. Bb5 a6 4. Ba4 Nf6 5. 0-0 b5 6. Bb3 Bc5 7. d3 d6 8. c3 h6 9. h3 0-0 10. Re1 Re8 11. Nbd2 Ba7 12. a4 Ne7 13. Nf1 Ng6 14. Be3 Bxe3 15. Nxe3 Bb7 16. g3 d5 17. exd5 Nxd5 18. Nxd5 Bxd5 19. Bxd5 Qxd5 20. Qe2 Rad8 21. axb5 axb5 22. Rad1 Re6 23. Qe4 Qxe4 24. dxe4 Red6 25. Rxd6 Rxd6 26. Kf1 b4 27. cxb4 Rb6 28. Nd2 Rxb4 29. b3 Nf8 30. Ra1 Kh7 1/2-1/2